| 000 | 00479nam a2200145Ia 4500 | ||
|---|---|---|---|
| 008 | 230917s9999||||xx |||||||||||||| ||und|| | ||
| 040 |
_e173190 _aMAIN |
||
| 041 | _aEnglish | ||
| 082 | _a891.431721 VA215K | ||
| 100 | _aवाजपेयी, अटलबिहारी | ||
| 245 | 0 | _aकैदी कविराय की कुण्डलियाँ | |
| 260 |
_aनई दिल्ली _bसरस्वती विहार _c1977 |
||
| 300 | _a175 p. | ||
| 942 | _cHN | ||
| 999 |
_c178075 _d178075 |
||